LIBRARY & INFORMATION CENTRE, KCAET, TAVANUR

ONLINE PUBLIC ACCESS CATALOGUE (OPAC)

Puthrabali / (Record no. 1243)

MARC details
000 -LEADER
fixed length control field 00436cam a2200169ua 4500
041 ## - LANGUAGE CODE
Language code of text/sound track or separate title mal
082 ## - DEWEY DECIMAL CLASSIFICATION NUMBER
Classification number 894.8122
Item number GOV/PU
100 ## - MAIN ENTRY--AUTHOR NAME
Personal name Govinthapallab panthu, .
245 ## - TITLE STATEMENT
Title Puthrabali /
260 ## - PUBLICATION, DISTRIBUTION, ETC. (IMPRINT)
Place of publication :
Name of publisher Saraswathi (Electric) P.T.G. and P.B.G. House ,
Year of publication 1949.
300 ## - PHYSICAL DESCRIPTION
Number of Pages 114 ; .
942 ## - ADDED ENTRY ELEMENTS (KOHA)
Koha item type Books
Holdings
Withdrawn status Lost status Damaged status Home library Current library Date acquired Full call number Accession Number Koha item type
      KAUAET KAUAET 07/04/2012 894.8122 1381 Books
free website counter